№ 263 : Вопросы логики: [сборник статей]; Ученые записки [Ленинградского государственного университета]

Detaylı Bibliyografya
Parent link:Ученые записки [Ленинградского государственного университета]: сборник статей/ Ленинградский государственный университет (ЛГУ). № 263 : Вопросы логики.— , 1937-1977
Müşterek Yazar: Ленинградский государственный университет (ЛГУ) Философский факультет
Diğer Yazarlar: Чупахин И. Я. (редактор)
Dil:Rusça
Baskı/Yayın Bilgisi: 1959
Seri Bilgileri:Серия философских наук Вып. 14
Konular:
Materyal Türü: Kitap
KOHA link:https://koha.lib.tpu.ru/cgi-bin/koha/opac-detail.pl?biblionumber=226129

MARC

LEADER 00000nam2a2200000 4500
001 226129
005 20231101230718.0
035 |a (RuTPU)RU\TPU\book\246496 
035 |a RU\TPU\book\347860 
035 |a RU\TPU\retro\4503 
090 |a 226129 
100 |a 20190201d1959 k y0rusy50 ca 
101 0 |a rus 
102 |a RU 
105 |a y z 001zy 
200 0 |a № 263 : Вопросы логики  |e [сборник статей]  |f Ленинградский государственный университет (ЛГУ), Философский факультет ; отв. ред. И. Я. Чупахин 
210 |d 1959 
215 |a 119 с. 
225 1 |a Серия философских наук  |v Вып. 14 
320 |a Библиогр. в примеч. 
461 1 |0 (RuTPU)RU\TPU\book\347780  |t Ученые записки [Ленинградского государственного университета]  |o сборник статей  |f Ленинградский государственный университет (ЛГУ)  |v № 263 : Вопросы логики  |d 1937-1977 
606 1 |a Логика  |2 stltpush  |3 (RuTPU)RU\TPU\subj\40551  |9 60396 
610 1 |a понятия 
610 1 |a тождество 
610 1 |a различия 
610 1 |a диалектика 
610 1 |a суждения 
610 1 |a неопозитивизм 
610 1 |a математическая логика 
610 1 |a формальная логика 
686 |a Ю3  |v LBC/SL-A  |2 rubbk 
702 1 |a Чупахин  |b И. Я.  |4 340 
712 0 2 |a Ленинградский государственный университет (ЛГУ)  |b Философский факультет  |c (1924-1991)  |2 stltpush  |3 (RuTPU)RU\TPU\col\77 
801 1 |a RU  |b 63413507  |c 20121119 
801 2 |a RU  |b 63413507  |c 20190201  |g RCR 
942 |c BK